| 000 | 02430nam a2200649 i 4500 | ||
|---|---|---|---|
| 001 | 54126 | ||
| 003 | KOSZ 005 | ||
| 005 | 20240606092830.0 | ||
| 008 | 231228s2001 pl a f 000 0 pol | ||
| 015 | _aUWD 2002/4237 | ||
| 020 | _a8388007769 | ||
| 035 | _a991017486109705066 | ||
| 035 | _a(PL-WaBN)b14727420-48omnis_nlop | ||
| 035 | _ab14727420 | ||
| 035 | _a(OCoLC)749297493 | ||
| 035 | _azz2003975339 | ||
| 035 | _a(PL)b0000001472742 | ||
| 035 | _a(EXLNZ-48OMNIS_NETWORK)9910319174605606 | ||
| 040 |
_aWA N _cWA N _dKOSZ 005/RW |
||
| 041 | 0 |
_apol _beng |
|
| 046 | _k2001 | ||
| 080 | _a628.1 | ||
| 080 | _a614.7 | ||
| 080 | _a556.3 | ||
| 080 | _a579.8 | ||
| 100 | 1 |
_aOlańczuk-Neyman, Krystyna _eAutor |
|
| 245 | 1 | 0 |
_aMikroorganizmy w kształtowaniu jakości i uzdatnianiu wód podziemnych / _cKrystyna Olańczuk-Neyman ; Polska Akademia Nauk. Komitet Inżynierii Środowiska. |
| 250 | _aWydanie I. | ||
| 260 |
_aGdańsk : _bWydawnictwo Politechniki Gdańskiej, _c2001. |
||
| 300 |
_a131 stron : _bilustracje ; _c24 cm. |
||
| 336 |
_aTekst _btxt _2rdacontent |
||
| 337 |
_aBez urządzenia pośredniczącego _bn _2rdamedia |
||
| 338 |
_aWolumin _bnc _2rdacarrier |
||
| 380 | _aKsiążki | ||
| 380 | _aPublikacje naukowe | ||
| 388 | 1 | _a2001- | |
| 490 | 1 |
_aMonografie / Polska Akademia Nauk. Komitet Inżynierii Środowiska ; _vnr 1 |
|
| 500 | _aNa okładce odmienna nazwa serii : Monografie Komitetu Inżynierii Środowiska Polskiej Akademii Nauk. | ||
| 504 | _aBibliografia na stronach [116]-129. | ||
| 546 | _aStreszczenie w języku angielskim. | ||
| 650 | 7 |
_aHigiena _2DBN |
|
| 650 | 7 |
_aNitryfikacja i denitryfikacja _2DBN |
|
| 650 | 7 |
_aMikrobiologia _2DBN |
|
| 650 | 7 |
_aUzdatnianie wody _2DBN |
|
| 650 | 7 |
_aWodociąg _2DBN |
|
| 650 | 7 |
_aWody podziemne _2DBN |
|
| 650 | 7 |
_aZastosowanie i wykorzystanie _2DBN |
|
| 655 | 7 | _aMonografia | |
| 658 | _aBiologia | ||
| 658 | _aInżynieria i technika | ||
| 710 | 2 | _aKomitet Inżynierii Środowiska (Polska Akademia Nauk) | |
| 710 | 2 |
_aWydawnictwo Politechniki Gdańskiej _4pbl |
|
| 830 | 0 |
_aMonografie - Polska Akademia Nauk. Komitet Inżynierii Środowiska _vnr 1 |
|
| 856 |
_uhttps://koha.tu.koszalin.pl/cgi-bin/koha/opac-detail.pl?biblionumber=54126 _yKatalog online BPK |
||
| 942 |
_2UKD _cKS |
||
| 999 |
_c54126 _d54126 |
||